Vật liệu và thiết bị nano

Nội dung sách giới thiệu về vật liệu nano, vật liệu có cấu trúc nano và thiết bị được chế tạo từ những vật liệu này như transistor, vật liệu tàng hình, siêu vật liệu, graphene, sản phẩm và hệ thống sinh học....

Cur síos iomlán

Đã lưu trong:
Sonraí Bibleagrafaíochta
Príomhúdar: Trương Văn Tân
Formáid: Leabhar
Teanga:Vietnamese
Foilsithe: TP. Hồ Chí Minh Tổng hợp thành phố Hồ Chí Minh 2016
Ábhair:
Clibeanna: Cuir Clib Leis
Gan Chlibeanna, Bí ar an gcéad duine leis an taifead seo a chlibeáil!
Thư viện lưu trữ: Thư viện Trường Đại học Nam Cần Thơ
LEADER 01576nam a22002297a 4500
001 NCT_47074
008 180713b xxu||||| |||| 00| 0 vie d
999 |c 2253  |d 2253 
020 |a 9786045853146  |c 85000 
082 0 4 |2 23rd ed.  |a 620.5  |b T121 
100 1 |a Trương Văn Tân 
245 1 0 |a Vật liệu và thiết bị nano  |c Trương Văn Tân 
260 |a TP. Hồ Chí Minh  |b Tổng hợp thành phố Hồ Chí Minh  |c 2016 
300 |a 331 tr.  |b Ảnh minh họa  |c 21cm 
520 3 |a Nội dung sách giới thiệu về vật liệu nano, vật liệu có cấu trúc nano và thiết bị được chế tạo từ những vật liệu này như transistor, vật liệu tàng hình, siêu vật liệu, graphene, sản phẩm và hệ thống sinh học. 
653 |a Công nghệ thực phẩm 
942 |2 ddc  |c BK 
952 |0 0  |1 0  |2 ddc  |4 0  |6 620_500000000000000_T121  |7 0  |9 12853  |a 000001  |b 000001  |d 2018-07-13  |o 620.5 T121  |p MD.12712  |r 2018-07-13  |v 85000.00  |w 2018-07-13  |y BK 
952 |0 0  |1 0  |2 ddc  |4 0  |6 620_500000000000000_T121  |7 0  |9 12854  |a 000001  |b 000001  |d 2018-07-13  |o 620.5 T121  |p MD.12713  |r 2018-07-13  |v 85000.00  |w 2018-07-13  |y BK 
952 |0 0  |1 0  |2 ddc  |4 0  |6 620_500000000000000_T121  |7 0  |9 12855  |a 000001  |b 000001  |d 2018-07-13  |o 620.5 T121  |p MD.12714  |r 2018-07-13  |v 85000.00  |w 2018-07-13  |y BK 
952 |0 0  |1 0  |2 ddc  |4 0  |6 620_500000000000000_T121  |7 0  |9 12856  |a 000001  |b 000001  |d 2018-07-13  |o 620.5 T121  |p MD.12715  |r 2018-07-13  |v 85000.00  |w 2018-07-13  |y BK 
980 |a Thư viện Trường Đại học Nam Cần Thơ